Information systems management in business and development organizations : (Record no. 7347)

MARC details
000 -LEADER
fixed length control field 00806nam a2200157 4500
001 - CONTROL NUMBER
control field 8492
005 - DATE AND TIME OF LATEST TRANSACTION
control field 20181127190107.0
020 00 - INTERNATIONAL STANDARD BOOK NUMBER
International Standard Book Number 9788120347960
090 00 - LOCALLY ASSIGNED LC-TYPE CALL NUMBER (OCLC); LOCAL CALL NUMBER (RLIN)
Classification number (OCLC) (R) ; Classification number, CALL (RLIN) (NR) 658.40
100 00 - MAIN ENTRY--PERSONAL NAME
Personal name Misra, Harekrishna.
245 00 - TITLE STATEMENT
Title Information systems management in business and development organizations :
Remainder of title text and cases /
Statement of responsibility, etc. Harekrishna Misra.
Medium
260 00 - PUBLICATION, DISTRIBUTION, ETC.
Place of publication, distribution, etc. New Delhi ;
Name of publisher, distributor, etc. PHI Leaning Private Limited,
Date of publication, distribution, etc. 2013.
300 00 - PHYSICAL DESCRIPTION
Extent 396 pages ; 22 cm.
500 00 - GENERAL NOTE
General note Management Information Systems (MIS) has fast emerged as a multi-disciplinary area with strategic interfaces to achieve organisational objectives. This comprehensive book discusses the underlying principles of business and development organisations, identifies their core areas and prescribes approaches to develop MIS.
650 00 - SUBJECT ADDED ENTRY--TOPICAL TERM
Topical term or geographic name entry element Management information systems.
General subdivision
Holdings
Withdrawn status Lost status Source of classification or shelving scheme Damaged status Not for loan Collection code Home library Current library Shelving location Serial Enumeration / chronology Inventory number Total Checkouts Full call number Barcode Date last seen Price effective from Koha item type
    Dewey Decimal Classification     Main TEST RTC Library RTC Library Main opac 12977   658.4 MIS 30013403 27/11/2018 27/11/2018 Main
Royal Thimphu College || All Right Reserved